The Town and Country Planning (General Permitted Development) (Amendment) (No. 2) (England) Order 2010 (Record no. 111013)

MARC details
000 -LEADER
fixed length control field 01440cad a22002535a 4500
001 - CONTROL NUMBER
control field E150905
008 - FIXED-LENGTH DATA ELEMENTS--GENERAL INFORMATION
fixed length control field 100914s2010 xxk f lf000 0 eng d
035 ## - SYSTEM CONTROL NUMBER
System control number (Sirsi) u150905
041 0# - LANGUAGE CODE
Language code of text/sound track or separate title eng
050 04 - LIBRARY OF CONGRESS CALL NUMBER
Classification number 711.1 $2 18
110 2# - MAIN ENTRY--CORPORATE NAME
Corporate name or jurisdiction name as entry element United Kingdom
Form subheading Laws, etc.
9 (RLIN) 5044
245 04 - TITLE STATEMENT
Title The Town and Country Planning (General Permitted Development) (Amendment) (No. 2) (England) Order 2010
Medium [electronic resource]
260 ## - PUBLICATION, DISTRIBUTION, ETC.
Place of publication, distribution, etc. London
Name of publisher, distributor, etc. HM Government
Date of publication, distribution, etc. 2010
490 #0 - SERIES STATEMENT
Series statement SI
Volume/sequential designation (2134) 2010
520 ## - SUMMARY, ETC.
Summary, etc. Amends the Town and Country Planning (General Permitted Development) Order 1995 which grants planning permission for certain classes of development. Gives permitted development rights for dwellinghouses to be used as small scale houses in multiple occupation shared by three to six people without the need for a specific planning application; and makes a minor amendment to correct a reference in the procedure for making a direction to remove permitted development rights. Applies to England only.
520 ## - SUMMARY, ETC.
Summary, etc. Comes into force on 1 October 2010.
521 ## - TARGET AUDIENCE NOTE
Target audience note Advanced
590 ## - LOCAL NOTE (RLIN)
Local note KA
650 24 - SUBJECT ADDED ENTRY--TOPICAL TERM
Topical term or geographic name entry element TOWN AND COUNTRY PLANNING (GENERAL PERMITTED DEVELOPMENT) (AMENDMENT) (NO. 2) (ENGLAND) ORDER 2010
651 #4 - SUBJECT ADDED ENTRY--GEOGRAPHIC NAME
Geographic name England
Chronological subdivision 886-
690 ## - LOCAL SUBJECT ADDED ENTRY--TOPICAL TERM (OCLC, RLIN)
Topical term or geographic name as entry element Planning and development
9 (RLIN) 6259
856 40 - ELECTRONIC LOCATION AND ACCESS
Uniform Resource Identifier <a href="https://www.legislation.gov.uk/uksi/2010/2134/contents/made">https://www.legislation.gov.uk/uksi/2010/2134/contents/made</a>
Public note View the item free of charge online at www.legislation.gov.uk...
942 ## - ADDED ENTRY ELEMENTS (KOHA)
Suppress in OPAC 0
Holdings
Withdrawn status Lost status Source of classification or shelving scheme Damaged status Not for loan Home library Current library Shelving location Date acquired Total Checkouts Full call number Barcode Date last seen Copy number Price effective from Koha item type
    Dewey Decimal Classification     Virtual Virtual Online 14/09/2010   ONLINE PUBLICATION 150905-2001 06/08/2019 1 06/08/2019 Book